| 000 | 00524nam a2200205Ia 4500 | ||
|---|---|---|---|
| 008 | 170918s9999 xx 000 0 und d | ||
| 020 | _a9780545037709 | ||
| 050 | _bC623 2005 | ||
| 100 | _aCleary, Brian P. | ||
| 245 | 4 | _aThe mission of addition / | |
| 245 | _cBrian P. Clearly ; illustrated by Brian Gable. | ||
| 260 | _aNew York : | ||
| 260 | _bScholastic, | ||
| 260 | _c2005 | ||
| 300 | _aunpaged : | ||
| 300 | _bcolored illustration ; | ||
| 300 | _c23cm. | ||
| 440 | _aMath is categorical. | ||
| 500 | _a610 | ||
| 999 |
_c342595 _d342595 |
||